Tűzmadár (Ádám emlékére)

Bibliographic Details
Main Author: Nagy, Ilona (Author)
Format: Article
Language:Hungarian
PhysicalDescription:Obr.
Subjects:

MARC

LEADER 00000nab a2200000 ar4500
001 vtls010091157
003 SK-MaSNL
005 20260303081241.0
008 100503c2010 xo |||||||| 000 b|hun
015 |a SNBRB2010/04  |2 snkbucl 
038 |a SNKBUCL 
040 |a DSZK  |b slo  |c DSZK  |e AACR2 
041 0 |a hun 
044 |a xo  |c SK 
080 |a 821.511.141 (437.6)-93=511.141  |2 2001 
080 |a 821.511.141 (437.6)-34(0.053.2)=511.141  |2 2001 
100 1 |a Nagy, Ilona  |4 aut  |9 438071 
245 1 0 |a Tűzmadár  |b (Ádám emlékére)  |c Nagy Ilona 
300 |b Obr. 
650 0 7 |a autorské rozprávky  |2 snkbucl  |9 31369 
650 0 7 |a maďarské rozprávky  |2 SNKPH  |9 331911 
773 0 |t Vasárnap  |g Évf. 43, sz. 14 (2010), o. 45 
852 |a SNK  |b KIS3GCP 
852 |a DSZK  |b KIS3GCP 
958 |a HU 
958 |a SK 
958 |a LX 
958 |a DB 
999 |c 1783839  |d 1785769